000 00657nam a2200217Ia 4500
003 OSt
005 20220923230838.0
006 a|||||r|||| 00| 0
007 ta
008 Pun
024 _a306,033
037 _cTextual
040 _aARTS
_cARTS
_bPun
041 _2Pun
_aPun
082 _aQ8441:2I69j, 153K9
100 _aਨਿਰਵੈਰ, ਬਲਵੰਤ ਸਿੰਘ
245 0 _aਚੰਨ ਚੜ੍ਹਿਆ ਨਨਕਾਣੇ
_b ਸ੍ਰੀ ਗੁਰ ਨਾਨਕ ਦੇਵ ਜੀ
260 _c1969
942 _hQ8441:2I69j, 153K9
_cTEXL
_2CC
999 _c387820
_d387820